Welcome to CU Library Online Public Access Catalogue (OPAC)

FAITH TO FAITH (Record no. 7403)

MARC details
000 -LEADER
fixed length control field 00423nam a22001457a 4500
005 - DATE AND TIME OF LATEST TRANSACTION
control field 20250829130923.0
008 - FIXED-LENGTH DATA ELEMENTS--GENERAL INFORMATION
fixed length control field 250829b |||||||| |||| 00| 0 eng d
020 ## - INTERNATIONAL STANDARD BOOK NUMBER
International Standard Book Number 9780851118994
050 ## - LIBRARY OF CONGRESS CALL NUMBER
Classification number BP 172
Item number .M723 MOU
100 ## - MAIN ENTRY--PERSONAL NAME
Personal name MOUCARRY, CHAWKAT
245 ## - TITLE STATEMENT
Title FAITH TO FAITH
Remainder of title Christianity and Islam in dialogue
Statement of responsibility, etc. CHAWKAT MOUCARRY
260 ## - PUBLICATION, DISTRIBUTION, ETC.
Place of publication, distribution, etc. NOTTINGHAM
Name of publisher, distributor, etc. INTER-VARSITY PRESS
Date of publication, distribution, etc. c2001
300 ## - PHYSICAL DESCRIPTION
Extent 327p.;
942 ## - ADDED ENTRY ELEMENTS (KOHA)
Source of classification or shelving scheme Library of Congress Classification
Koha item type Books
Suppress in OPAC No
999 ## -
-- 7403
-- 7403
Holdings
Withdrawn status Lost status Source of classification or shelving scheme Damaged status Not for loan Collection Home library Current library Shelving location Date acquired Total checkouts Full call number Barcode Date last seen Copy number Price effective from Koha item type
    Library of Congress Classification     Non-fiction Undergraduate Library (Christ Temple) Undergraduate Library (Christ Temple) General stacks 08/29/2025   BP 172.M723 MOU ulct00004532 08/29/2025 1 08/29/2025 Books
© 2023-2024 Copyright: Central University Libraries. All Rights Reserved | Created by: Mahone Tech Office